1811 1382 1792 1377 1440 1141 1776 1660 1265 1381 1665 1186 1267 1508 1071 1560 1464 1647 1234 1310 1955 1159 1664 1821 1051 1760 1849 1310 1147 1635 1441 1100 1136 1160 1772 1044 1924 1457 1021 1517 1479 1789 1221 1443 1917 1588 1271 1263 1436 1778 1895 1935 1026 1405 1670 1120 1198 1476 1008 1789 1996 1283 1064 1675 1970 1709 1276 1683 1036 1350 1009 1854 1380 1628 1248 1313 1793 1512 1143 1358 1640 1978 1712 1218 1748 1453 1039 1966 1637 1808 1009 1129 1718 1660 1828 1975 1086 1383 1613 BCNSPRNW ULIB Ver.6.0+V

เปลี่ยนเป็นภาษาไทย

Change to English
 แสดงรายละเอียดบรรณานุกรม
  กลับหน้าหลัก

Brief Record : Get Marc (ISO 2709) : E-mail record : QR code < ปิดหน้าต่าง
LEADER : 00000nam 2200000uu 4500
001    13399122266
003     ULIB
008    130121s2555||||th 000 0 tha d
020    ^a9786167004501
050 04 ^aTT873.2^bอ525บ
100 0  ^aอัญชลี จรรยารยชน
245 10 ^aบายศรี /^cอัญชลี จรรยารยชน
250    ^aพิมพ์ครั้งที่ 1
260    ^aกรุงเทพฯ :^bเพชรการเรือน,^c2555
300    ^a168 หน้า :^bภาพประกอบสี
650  7 ^aการประดิษฐ์ด้วยใบตอง
650  7 ^aบายศรี
945    ^p250^l0^i19773
995    ^aทศพร
999    ^aทศพร เกษรทอง
รายการนี้ยังไม่มีแท็ก
คุณยังไม่ได้ล็อกอิน คุณสามารถมีกิจกรรมร่วมกับเว็บไซต์ได้ แต่ต้องล็อกอินก่อน ::
  ล็อกอิน

รายการสื่อสารสนเทศ

ลำดับที่ ประเภท เลขเรียก/บาร์โค้ด สถานที่ สถานะ
1. การศึกษาทั่วไป
การศึกษาทั่วไป
TT873.2 อ525บ ฉ.1 
  Barcode: 19773
ห้องสมุดวิทยาเขตสวรรค์ประชารักษ์
►หนังสือทั่วไป
บนชั้น

รายการใกล้เคียง
    ผู้แต่ง [อัญชลี จรรยารยชน]

    หัวเรื่อง [การประดิษฐ์ด้วยใบตอง]
    หัวเรื่อง [บายศรี]

BibComment


ยังไม่เคยถูกคอมเมนท์

คอมเมนท์ทรัพยากรรายการนี้
  คอมเมนท์: บายศรี อัญชลี จ..


 Copyright 2026. Bcnsprnw @Library